En Yakın Altı Ülke - Katar - Statistics

General Stats
  • This quiz has been taken 157 times
  • The average score is 3 of 6
Answer Stats
km ülke % Correct
0 Suudi Arabistan
89%
1 Bahreyn
78%
187 İran
46%
420 Umman
45%
379 Kuveyt
42%
31 Birleşik Arap Emirlikleri
24%
No matching quizzes found
Score Distribution
Percent of People with Each Score
Percentile by Number Answered
Your Score History
You have not taken this quiz